[Event "VII Gibtelecom Masters"]
[Site "Caleta ING"]
[Date "2009.02.03"]
[Round "8"]
[White "Milov, V."]
[Black "Kotronias, V."]
[Result "1-0"]
[WhiteElo "2669"]
[BlackElo "2603"]
[PlyCount "57"]
[EventDate "2009.01.27"]
[Source "www.chesslib.no"]
[SourceDate "2004.05.04"]

1. d4 Nf6 2. c4 e6 3. Nc3 Bb4 4. e3 O-O 5. Nge2 d5 6. a3 Bd6 7. c5 Be7 8. b4 Nbd7 9. Ng3 a5 10. b5 e5 11. Be2 exd4 12. exd4 Re8 13. O-O b6 14. c6 Nf8 15. f4 Ne6 16. Kh1 Ne4 17. Ncxe4 dxe4 18. Be3 Bf6 19. f5 Nxd4 20. Bc4 a4 21. Qh5 Qe7 22. Bxd4 Bxd4 23. Rae1 e3 24. Rf4 Rd8 25. h3 Bc3 26. Re4 Qf6 27. R1xe3 g6 28. fxg6 Kf8 29. gxf7 1-0

[Event "Calviá ol (Men)"]
[Site "Mallorca"]
[Date "2004.10.24"]
[Round "9.5"]
[White "Graf, Alexander"]
[Black "Georgiev, Kiril"]
[Result "1/2-1/2"]
[WhiteElo "2646"]
[BlackElo "2625"]
[PlyCount "107"]
[EventDate "2004.10.15"]
[Source "Roberto Alvarez"]
[SourceDate "2004.10.25"]

1. d4 Nf6 2. c4 e6 3. Nc3 Bb4 4. e3 O-O 5. Nge2 d5 6. a3 Bd6 7. c5 Be7 8. b4 b6 9. Bb2 c6 10. Nf4 a5 11. Be2 Ba6 12. O-O Nbd7 13. Bxa6 Rxa6 14. Nd3 Qc7 15. Qe2 Rfa8 16. Rac1 axb4 17. axb4 R6a7 18. f3 bxc5 19. bxc5 Qb8 20. Rb1 Bd8 21. Bc1 Qc8 22. Bd2 Ra3 23. Rfc1 Bc7 24. Nb4 Ba5 25. Be1 e5 26. Qb2 Bxb4 27. Qxb4 R3a7 28. dxe5 Nxe5 29. Qd4 Ng6 30. Bg3 h6 31. e4 dxe4 32. Nxe4 Nxe4 33. Qxe4 Ne7 34. Rc3 Nd5 35. Rcb3 Ra1 36. Rxa1 Rxa1+ 37. Kf2 Ra2+ 38. Kg1 Ra8 39. Bd6 Qa6 40. h3 Nc3 41. Qe5 Nd5 42. Kh2 Qc8 43. Qe4 Qd7 44. Rb8+ Rxb8 45. Bxb8 f6 46. Bd6 Kf7 47. g4 Qb7 48. h4 Qd7 49. Kg3 Qe6 50. h5 Qd7 51. Qb1 Qc8 52. Qg6+ Kg8 53. Qe4 Qd7 54. Kf2 1/2-1/2

[Event "Tilburg Fontys"]
[Site "Tilburg"]
[Date "1997.09.27"]
[Round "1"]
[White "Shaked, Tal"]
[Black "Kramnik, Vladimir"]
[Result "0-1"]
[WhiteElo "2500"]
[BlackElo "2770"]
[PlyCount "70"]
[EventDate "1997.09.27"]
[Source "ChessBase"]
[SourceDate "1997.11.23"]

1. d4 Nf6 2. c4 e6 3. Nc3 Bb4 4. e3 O-O 5. Nge2 d5 6. a3 Be7 7. cxd5 Nxd5 8. g3 Nxc3 9. Nxc3 c5 10. d5 Bf6 11. Bg2 Bxc3+ 12. bxc3 exd5 13. Qxd5 Qe7 14. Rb1 Nc6 15. O-O Be6 16. Qh5 Rad8 17. e4 Ba2 18. Ra1 Bc4 19. Re1 Ne5 20. Be3 g6 21. Qh4 Qxh4 22. gxh4 b6 23. Bh6 Rfe8 24. h3 f6 25. Rad1 Bb5 26. Rxd8 Rxd8 27. Kh2 Bc6 28. Kg3 Rd3+ 29. Re3 Rd1 30. Re2 Ra1 31. Rd2 Nf7 32. Be3 Rxa3 33. Rc2 Ne5 34. f3 Ba4 35. Rc1 Nd3 0-1

[Event "Corr"]
[Site "?"]
[Date "1994.??.??"]
[Round "?"]
[White "Bang Erik BH"]
[Black "Pioch Zygmunt"]
[Result "1/2-1/2"]
[WhiteElo "2680"]
[BlackElo "2590"]
[PlyCount "79"]
[EventDate "1994.??.??"]
[Source "www.chesslib.no"]
[SourceDate "2004.05.04"]

1. d4 Nf6 2. c4 e6 3. Nc3 Bb4 4. e3 O-O 5. Nge2 d5 6. a3 Be7 7. cxd5 exd5 8. g3 a5 9. Bg2 Na6 10. O-O Re8 11. Nf4 c6 12. f3 Nc7 13. e4 c5 14. e5 Nd7 15. Nfxd5 Nxd5 16. Nxd5 cxd4 17. f4 Bf8 18. Bd2 Nc5 19. b4 Be6 20. Qf3 Bxd5 21. Qxd5 Qxd5 22. Bxd5 Red8 23. Bxf7+ Kxf7 24. bxc5 Rd5 25. Rab1 Ra7 26. Rfc1 Bxc5 27. Kf2 b6 28. Rb3 d3+ 29. Be3 Rad7 30. Rd1 a4 31. Rc3 g5 32. Rd2 gxf4 33. gxf4 Ke6 34. Bxc5 Rxc5 35. Rcxd3 Rxd3 36. Rxd3 Kf5 37. Re3 Kxf4 38. e6 Rc2+ 39. Re2 Rc8 40. e7 1/2-1/2

[Event "Moscow RUS"]
[Site "?"]
[Date "2006.02.12"]
[Round "5"]
[White "Sasikiran Krishnan"]
[Black "Landa Konstantin"]
[Result "1-0"]
[WhiteElo "2670"]
[BlackElo "2597"]
[PlyCount "69"]
[EventDate "2006.??.??"]
[Source "www.chesslib.no"]
[SourceDate "2004.05.04"]

1. d4 Nf6 2. c4 e6 3. Nc3 Bb4 4. e3 O-O 5. Nge2 d5 6. a3 Be7 7. cxd5 exd5 8. g3 a5 9. Bg2 c6 10. O-O Na6 11. b3 Re8 12. Kh1 Bf8 13. Nf4 Bf5 14. f3 h6 15. Ra2 b5 16. Nce2 Bh7 17. g4 Ra7 18. Ng3 Bd6 19. Nd3 c5 20. f4 Ne4 21. Nxe4 Bxe4 22. Ne5 Rc7 23. Qe2 Bxg2+ 24. Qxg2 Bxe5 25. fxe5 c4 26. bxc4 dxc4 27. g5 Qxg5 28. Qd5 Qg6 29. Rg2 Qc6 30. e4 c3 31. Rfg1 g5 32. Bxg5 hxg5 33. Rxg5+ Kf8 34. Rg8+ Ke7 35. Rxe8+ 1-0

[Event "IV Open"]
[Site "Dos Hermanas"]
[Date "2004.03.30"]
[Round "6"]
[White "Epishin, Vladimir"]
[Black "Milov, Vadim"]
[Result "1/2-1/2"]
[WhiteElo "2633"]
[BlackElo "2632"]
[PlyCount "69"]
[EventDate "2004.03.25"]
[Source "Roberto Alvarez"]
[SourceDate "2004.04.05"]

1. d4 Nf6 2. c4 e6 3. Nc3 Bb4 4. e3 O-O 5. Nge2 Re8 6. a3 Bf8 7. d5 d6 8. dxe6 fxe6 9. Nf4 c6 10. Be2 d5 11. O-O Nbd7 12. b3 Bd6 13. Bb2 Qc7 14. g3 Nf8 15. Nh5 Nxh5 16. Bxh5 Rd8 17. Qc2 Qe7 18. Rfd1 Bd7 19. Qe2 Be8 20. Bxe8 Rxe8 21. e4 Qf7 22. Rd2 Bc7 23. Rad1 Rad8 24. Kg2 Ng6 25. Na4 dxc4 26. Rxd8 Bxd8 27. bxc4 e5 28. Bc1 Nf8 29. Be3 Ne6 30. Nc5 Nxc5 31. Bxc5 b6 32. Be3 Bf6 33. a4 Rd8 34. Rxd8+ Bxd8 35. Qd3 1/2-1/2

[Event "Calviá ol (Men)"]
[Site "Mallorca"]
[Date "2004.10.26"]
[Round "11.4"]
[White "Aronian, Levon"]
[Black "Pelletier, Yannick"]
[Result "1/2-1/2"]
[WhiteElo "2675"]
[BlackElo "2589"]
[PlyCount "33"]
[EventDate "2004.10.15"]
[Source "Roberto Alvarez"]
[SourceDate "2004.10.25"]

1. d4 Nf6 2. c4 e6 3. Nc3 Bb4 4. e3 O-O 5. Nge2 d5 6. a3 Bd6 7. Ng3 c5 8. dxc5 Bxc5 9. b4 Be7 10. Bb2 a5 11. b5 dxc4 12. Bxc4 Nbd7 13. Be2 Nb6 14. Qb3 e5 15. O-O Be6 16. Qc2 Re8 17. Rfd1 1/2-1/2

[Event "Calviá ol (Men)"]
[Site "Mallorca"]
[Date "2004.10.24"]
[Round "9.1"]
[White "Sargissian, Gabriel"]
[Black "Moiseenko, Alexander"]
[Result "1/2-1/2"]
[WhiteElo "2611"]
[BlackElo "2653"]
[PlyCount "103"]
[EventDate "2004.10.15"]
[Source "Roberto Alvarez"]
[SourceDate "2004.10.25"]

1. d4 Nf6 2. c4 e6 3. Nc3 Bb4 4. e3 O-O 5. Nge2 Re8 6. a3 Bf8 7. d5 d6 8. Ng3 c6 9. Be2 cxd5 10. cxd5 exd5 11. Bf3 d4 12. Qxd4 Nc6 13. Qd1 Be6 14. O-O d5 15. b3 Rc8 16. Nce2 Ne5 17. Bb2 Nxf3+ 18. gxf3 Bh3 19. Re1 Bd6 20. Qd3 Nd7 21. Qxd5 Be5 22. Bd4 Be6 23. Qxb7 Nc5 24. Bxc5 Bxa1 25. Rxa1 Rxc5 26. Qxa7 Ra5 27. Qd4 Rd5 28. Qb4 Bh3 29. Re1 Rd1 30. Nf4 Be6 31. Nxe6 Rxe6 32. Rxd1 Qxd1+ 33. Kg2 h6 34. a4 Qd5 35. a5 Ra6 36. Qb8+ Kh7 37. b4 Rf6 38. e4 Qd3 39. f4 Rc6 40. Qb7 Rc3 41. e5 Rc4 42. Qxf7 Rxb4 43. f5 Rf4 44. Qg6+ Kh8 45. Qe8+ Kh7 46. Qg6+ Kh8 47. Qc6 Qd4 48. Qe8+ Kh7 49. Qg6+ Kh8 50. Qe8+ Kh7 51. Qg6+ Kh8 52. Qe8+ 1/2-1/2

[Event "BL 0607 TV Tegernsee - OSC Baden Baden"]
[Site "Germania"]
[Date "2007.02.03"]
[Round "8.5"]
[White "Harikrishna, Pentala"]
[Black "Ribli, Zoltan"]
[Result "1/2-1/2"]
[WhiteElo "2674"]
[BlackElo "2584"]
[PlyCount "59"]
[EventDate "2006.10.28"]
[Source "www.chesslib.no"]
[SourceDate "2004.05.04"]

1. d4 Nf6 2. c4 e6 3. Nc3 Bb4 4. e3 O-O 5. Nge2 d5 6. a3 Bd6 7. Ng3 c5 8. cxd5 cxd4 9. exd4 exd5 10. Be2 Nc6 11. O-O Be6 12. Be3 Rc8 13. Na4 Na5 14. Nc5 Bxc5 15. dxc5 d4 16. Bg5 Nb3 17. Ne4 Nxc5 18. Nxf6+ gxf6 19. Bh6 d3 20. Bf3 Re8 21. Rc1 Qd7 22. Qd2 Qd4 23. Rc3 Nb3 24. Qxd3 Qxd3 25. Rxd3 Bc4 26. Rc3 Bxf1 27. Bc6 Rxc6 28. Rg3+ Kh8 29. Bg7+ Kg8 30. Bh6+ 1/2-1/2

[Event "Bastia FRA, Corsica Masters 2005"]
[Site "?"]
[Date "2002.11.01"]
[Round "1"]
[White "Milov Vadim"]
[Black "Almasi Zoltan"]
[Result "0-1"]
[WhiteElo "2503"]
[BlackElo "2755"]
[PlyCount "140"]
[EventDate "2002.??.??"]
[Source "www.chesslib.no"]
[SourceDate "2004.05.04"]

1. d4 Nf6 2. c4 e6 3. Nc3 Bb4 4. e3 O-O 5. Nge2 d5 6. a3 Bd6 7. c5 Be7 8. b4 b6 9. Nf4 a5 10. Rb1 axb4 11. axb4 c6 12. Be2 Ba6 13. O-O Bxe2 14. Qxe2 Nbd7 15. Bd2 Qc7 16. Ra1 b5 17. Nd3 e5 18. f4 exd4 19. exd4 Rxa1 20. Rxa1 Re8 21. Ne5 Bf8 22. Qf3 Qb7 23. g4 Nxe5 24. fxe5 Nd7 25. Rf1 Nb8 26. Ne2 Qd7 27. Ng3 Na6 28. Nf5 Nc7 29. Ra1 Ne6 30. Be3 Qb7 31. Kg2 Ra8 32. Qd1 Ra6 33. Rxa6 Qxa6 34. Qc2 Qa3 35. Qd2 Qb3 36. h3 Qb1 37. Ng3 g6 38. Kf2 Be7 39. Kg2 Bh4 40. Kh2 f6 41. exf6 Bxf6 42. Ne2 Qe4 43. Ng3 Qb1 44. Ne2 Kf7 45. Nf4 Ng5 46. Qf2 Qe4 47. Ng2 h6 48. Qf4 Qxf4+ 49. Nxf4 Bxd4 50. Bxd4 Nf3+ 51. Kg3 Nxd4 52. Nd3 Kf6 53. Kf4 Ne6+ 54. Kf3 Nd8 55. Kf4 Nf7 56. Ke3 Ne5 57. Nf4 Nd7 58. Kd4 Nf8 59. Ke3 Ne6 60. Nd3 h5 61. Kf3 h4 62. Ke3 Ng5 63. Nf4 Kf7 64. Kd3 Ne6 65. Ne2 Kf6 66. Ke3 Ke5 67. Ng1 d4+ 68. Kf2 Ng5 69. Ke2 Ke4 70. Kd2 Nf3+ 0-1

[Event "Open Aeroflot"]
[Site "Mosca RUS"]
[Date "2007.02.22"]
[Round "9"]
[White "Volkov, Sergey"]
[Black "Balogh, C."]
[Result "1-0"]
[WhiteElo "2636"]
[BlackElo "2616"]
[PlyCount "63"]
[EventDate "2007.02.14"]
[Source "www.chesslib.no"]
[SourceDate "2004.05.04"]

1. d4 Nf6 2. c4 e6 3. Nc3 Bb4 4. e3 O-O 5. Nge2 d5 6. a3 Bd6 7. Ng3 c5 8. dxc5 Bxc5 9. b4 Bb6 10. Na4 Bc7 11. Bb2 Nc6 12. cxd5 exd5 13. Be2 Qe7 14. O-O Rd8 15. Rc1 d4 16. exd4 Be5 17. dxe5 Rxd1 18. Rfxd1 Ne8 19. b5 Nd8 20. Nc5 Ne6 21. Nce4 Nf4 22. Bf3 Be6 23. Nd6 Rb8 24. Ngf5 Qg5 25. h4 Nh3+ 26. Kf1 Qf4 27. Ne7+ Kf8 28. Nd5 Qh2 29. gxh3 Bxh3+ 30. Ke2 Bg2 31. Rh1 Bxh1 32. Rxh1 1-0

[Event "Dagomys RUS"]
[Site "?"]
[Date "2005.04.26"]
[Round "8"]
[White "Aleksandrov Aleksej"]
[Black "Belov Vladimir"]
[Result "1-0"]
[WhiteElo "2635"]
[BlackElo "2617"]
[PlyCount "109"]
[EventDate "2005.??.??"]
[Source "www.chesslib.no"]
[SourceDate "2004.05.04"]

1. d4 Nf6 2. c4 e6 3. Nc3 Bb4 4. e3 O-O 5. Nge2 d5 6. a3 Bd6 7. cxd5 exd5 8. g3 c6 9. Bg2 a5 10. O-O Re8 11. Qc2 h5 12. f3 c5 13. Nb5 cxd4 14. exd4 Qb6 15. Nec3 Bd7 16. Nxd6 Qxd6 17. Bg5 Bc6 18. Rf2 Nbd7 19. Bf1 Nh7 20. Bd2 Qf6 21. Qd3 Nhf8 22. Rd1 a4 23. Bc1 Nb6 24. Qd2 Ne6 25. f4 Nf8 26. f5 Nc4 27. Qf4 Nh7 28. Be2 Nd6 29. Bxh5 Ne4 30. Nxe4 Rxe4 31. Qd2 Rae8 32. Bf3 Re3 33. Bg2 Rb3 34. Qf4 Qd8 35. g4 Nf6 36. g5 Ne4 37. Rf3 Qb6 38. f6 Rxf3 39. Bxf3 Qb3 40. h4 Qc2 41. Be3 Qxb2 42. fxg7 Qxa3 43. g6 fxg6 44. Qh6 Nf6 45. Re1 Nh7 46. Kf2 Qb2+ 47. Kg3 Qc3 48. Re2 Qd3 49. Qf4 a3 50. Kf2 Qb3 51. Qd6 Qc4 52. Bh6 Rxe2+ 53. Bxe2 Qxd4+ 54. Kg2 Kf7 55. Qc7+ 1-0

[Event "EU-chT (Men)"]
[Site "Batumi"]
[Date "1999.12.05"]
[Round "7.1"]
[White "Volkov, Sergey"]
[Black "Kortschnoj, Viktor"]
[Result "1/2-1/2"]
[WhiteElo "2575"]
[BlackElo "2676"]
[PlyCount "169"]
[EventDate "1999.11.06"]
[Source "ChessBase"]
[SourceDate "2000.02.01"]

1. d4 Nf6 2. c4 e6 3. Nc3 Bb4 4. e3 O-O 5. Nge2 d5 6. a3 Be7 7. cxd5 Nxd5 8. Qc2 Nd7 9. Bd2 N5f6 10. Rd1 b6 11. Nf4 Bb7 12. Be2 c5 13. O-O cxd4 14. exd4 Bd6 15. Nb5 Bb8 16. Rc1 Be4 17. Bd3 Bxd3 18. Qxd3 a6 19. Nc3 Re8 20. Rfd1 Nf8 21. d5 e5 22. Nfe2 e4 23. Qh3 Ng6 24. Be3 Bd6 25. Na4 b5 26. Nc5 Rc8 27. b4 h6 28. Rc3 Rc7 29. Nxa6 Rxc3 30. Nxc3 Re5 31. g3 Qa8 32. Nc5 Bxc5 33. Bxc5 Nxd5 34. Nxb5 Rg5 35. Nd6 Nc3 36. Re1 Qd5 37. Be3 Rh5 38. Qc8+ Kh7 39. Qxc3 Qxd6 40. Bd4 Qd7 41. Rxe4 Qh3 42. Qf3 Qxh2+ 43. Kf1 Rb5 44. Re3 Qh3+ 45. Kg1 Rf5 46. Qe4 Rg5 47. Bc3 h5 48. Rf3 f5 49. Qb7 Nh4 50. Rd3 f4 51. Qh1 Qg4 52. Qe4+ Ng6 53. a4 Qh3 54. Qg2 Qf5 55. Qf1 h4 56. a5 fxg3 57. fxg3 Qe6 58. Qf2 Rg4 59. Rf3 Qd6 60. Kh2 hxg3+ 61. Rxg3 Rh4+ 62. Kg1 Qd1+ 63. Be1 Qd5 64. Qf3 Qe6 65. Bf2 Qc8 66. Bc5 Qe6 67. Bf2 Qc8 68. Be1 Qe6 69. Bd2 Ne5 70. Qb7 Rg4 71. Qg2 Rxg3 72. Qxg3 Qd5 73. Bc3 Qd1+ 74. Kh2 Qc2+ 75. Kh3 Qf5+ 76. Kg2 Qc2+ 77. Kf1 Qf5+ 78. Ke2 Qc2+ 79. Bd2 Qc4+ 80. Kd1 Nd3 81. Qh2+ Kg8 82. Qb8+ Kh7 83. Qh2+ Kg8 84. Qb8+ Kh7 85. Qh2+ 1/2-1/2

[Event "Camp. russo a squadre 2007"]
[Site "Sochi RUS"]
[Date "2007.05.07"]
[Round "6"]
[White "Korchnoi, V."]
[Black "Khalifman, A."]
[Result "1/2-1/2"]
[WhiteElo "2623"]
[BlackElo "2624"]
[PlyCount "90"]
[EventDate "2007.05.02"]
[Source "www.chesslib.no"]
[SourceDate "2004.05.04"]

1. d4 Nf6 2. c4 e6 3. Nc3 Bb4 4. e3 O-O 5. Nge2 d5 6. a3 Be7 7. Nf4 c6 8. Bd3 dxc4 9. Bxc4 Nbd7 10. Qc2 e5 11. Nfe2 exd4 12. Nxd4 Ne5 13. Be2 Bc5 14. b4 Bb6 15. Nf5 g6 16. Ng3 h5 17. Bb2 h4 18. Nce4 hxg3 19. hxg3 Bc7 20. Rd1 Qe7 21. Qc5 Qxc5 22. Nxf6+ Kg7 23. bxc5 Kxf6 24. f4 Be6 25. fxe5+ Ke7 26. Kf2 Rad8 27. Bd4 Rh8 28. Rhf1 b5 29. Kg1 Rh6 30. Bc3 Rxd1 31. Rxd1 a6 32. Bf3 Bd5 33. Bxd5 cxd5 34. Rxd5 Ke6 35. e4 Rh8 36. g4 Rd8 37. Rxd8 Bxd8 38. c6 Be7 39. a4 bxa4 40. Kf2 a3 41. Ke2 a2 42. Kd3 Bb4 43. Bd4 Bc5 44. Bc3 Bb4 45. Bd4 Bc5 1/2-1/2

[Event "George Marx mem 2nd"]
[Site "Paks"]
[Date "2004.06.13"]
[Round "8"]
[White "Kortschnoj, Viktor"]
[Black "Beliavsky, Alexander G"]
[Result "0-1"]
[WhiteElo "2579"]
[BlackElo "2667"]
[PlyCount "53"]
[EventDate "2004.05.05"]
[SourceDate "2004.06.16"]

1. d4 Nf6 2. c4 e6 3. Nc3 Bb4 4. e3 O-O 5. Nge2 d5 6. a3 Be7 7. Ng3 a5 8. Qc2 c5 9. dxc5 Bxc5 10. cxd5 exd5 11. Be2 Nc6 12. O-O d4 13. Nb5 Qb6 14. e4 Ne5 15. a4 Nfg4 16. Nh1 Rd8 17. Bd3 Ne3 18. fxe3 Nxd3 19. exd4 Rxd4 20. Nxd4 Bxd4+ 21. Nf2 Nxf2 22. Rxf2 Be6 23. Bf4 Rc8 24. Qd2 Bb3 25. Ra3 Rc2 26. Rxb3 Rxd2 27. Rxb6 0-1

[Event "ch-FRA"]
[Site "Val d'Isere"]
[Date "2004.08.16"]
[Round "1"]
[White "Vaisser, Anatoli"]
[Black "Lautier, Joel"]
[Result "1/2-1/2"]
[WhiteElo "2580"]
[BlackElo "2666"]
[PlyCount "73"]
[EventDate "2004.08.16"]
[Source "Roberto Alvarez"]
[SourceDate "2004.09.06"]

1. d4 Nf6 2. c4 e6 3. Nc3 Bb4 4. e3 O-O 5. Nge2 d5 6. a3 Be7 7. cxd5 exd5 8. b4 c6 9. Ng3 Re8 10. Bd3 Nbd7 11. O-O Nb6 12. b5 c5 13. dxc5 Bxc5 14. Na4 Nxa4 15. Qxa4 d4 16. Qc2 dxe3 17. Bxh7+ Nxh7 18. Qxc5 b6 19. Qc2 Qd5 20. fxe3 Qxb5 21. Bb2 Be6 22. a4 Qb3 23. Qxb3 Bxb3 24. Ra3 Bc2 25. Nh5 f6 26. e4 Bxe4 27. Rg3 g6 28. Nxf6+ Nxf6 29. Bxf6 Rac8 30. Bc3 Rf8 31. Re1 Rc4 32. Rh3 Rf5 33. Rh8+ Kf7 34. Rh7+ Kf8 35. Rh8+ Kf7 36. Rh7+ Kg8 37. Rh8+ 1/2-1/2

[Event "Arctic Chess Challenge"]
[Site "Tromso NOR"]
[Date "2007.08.08"]
[Round "5"]
[White "Epishin, V."]
[Black "Gashimov, V."]
[Result "1/2-1/2"]
[WhiteElo "2587"]
[BlackElo "2655"]
[PlyCount "37"]
[EventDate "2007.08.04"]
[Source "www.chesslib.no"]
[SourceDate "2004.05.04"]

1. d4 Nf6 2. c4 e6 3. Nc3 Bb4 4. e3 O-O 5. Nge2 d5 6. a3 Be7 7. cxd5 Nxd5 8. Qc2 Nd7 9. Bd2 N5b6 10. Rd1 c5 11. g3 Nf6 12. Bg2 Bd7 13. dxc5 Bxc5 14. O-O Qc8 15. Ne4 Be7 16. Qxc8 Raxc8 17. Nxf6+ Bxf6 18. Bb4 Rfd8 19. Bxb7 1/2-1/2

[Event "RUS-chT 9th"]
[Site "Ekaterinburg"]
[Date "2002.05.19"]
[Round "3"]
[White "Iljushin, Alexei"]
[Black "Bareev, Evgeny"]
[Result "1/2-1/2"]
[WhiteElo "2517"]
[BlackElo "2724"]
[PlyCount "55"]
[EventDate "2002.05.17"]
[Source "ChessBase"]
[SourceDate "2002.09.20"]

1. d4 Nf6 2. c4 e6 3. Nc3 Bb4 4. e3 O-O 5. Nge2 d5 6. cxd5 exd5 7. g3 Re8 8. Bg2 c6 9. Qc2 Bf8 10. O-O Na6 11. a3 g6 12. f3 c5 13. Rd1 Qb6 14. g4 cxd4 15. exd4 Nc7 16. Bf4 Bd7 17. Qd2 Bc6 18. Rac1 Rac8 19. Ng3 Ne6 20. Be3 Qb3 21. Qf2 Bd6 22. g5 Nd7 23. f4 Ng7 24. Re1 f5 25. Bf3 Nb6 26. Bd1 Qc4 27. Be2 Qb3 28. Bd1 1/2-1/2

[Event "Manila (izt)"]
[Site "?"]
[Date "1990.??.??"]
[Round "?"]
[White "Gurevich, M."]
[Black "Agdestein, S."]
[Result "1-0"]
[WhiteElo "2640"]
[BlackElo "2600"]
[PlyCount "101"]
[EventDate "1990.??.??"]
[Source "ChessBase"]
[SourceDate "1990.01.01"]

1. d4 Nf6 2. c4 e6 3. Nc3 Bb4 4. e3 O-O 5. Nge2 d5 6. a3 Be7 7. cxd5 Nxd5 8. Qc2 Nd7 9. e4 Nxc3 10. Nxc3 c5 11. d5 Ne5 12. Be2 exd5 13. Nxd5 Bd6 14. Be3 b6 15. O-O-O Ng4 16. f4 f6 17. Bg1 Kh8 18. h3 Nh6 19. Be3 Bb7 20. Rd2 Qe8 21. Rhd1 Rd8 22. g4 Nf7 23. Nc3 Qe7 24. Bc4 Bb8 25. Bd5 Nd6 26. Bxb7 Nxb7 27. Rxd8 Rxd8 28. Rxd8+ Qxd8 29. Qd2 Kg8 30. Qxd8+ Nxd8 31. Kd2 Kf7 32. Kd3 Ne6 33. Nd5 g5 34. f5 Nd8 35. Kc4 Nb7 36. Nc3 Be5 37. Kd5 Ke7 38. Nd1 h6 39. b3 Nd6 40. Nf2 Kd7 41. Nd3 Ba1 42. a4 Nf7 43. Bf2 Nd8 44. Bg3 Nc6 45. e5 fxe5 46. Bxe5 Bd4 47. Bxd4 Nxd4 48. b4 Ne2 49. bxc5 Nc3+ 50. Kc4 Ne4 51. Kd4 1-0

[Event "Leningrad Interzonal"]
[Site "Leningrad"]
[Date "1973.??.??"]
[Round "5"]
[White "Taimanov, Mark E"]
[Black "Karpov, Anatoly"]
[Result "1/2-1/2"]
[WhiteElo "2595"]
[BlackElo "2645"]
[PlyCount "79"]
[EventDate "1973.??.??"]
[Source "ChessBase"]

1. d4 Nf6 2. c4 e6 3. Nc3 Bb4 4. e3 O-O 5. Nge2 d5 6. a3 Be7 7. cxd5 Nxd5 8. Bd2 Nxc3 9. Nxc3 c5 10. dxc5 Bxc5 11. Ne4 Be7 12. Bc3 Nc6 13. Bb5 a6 14. Bxc6 bxc6 15. Qf3 Qc7 16. Rc1 Rb8 17. O-O f6 18. Qe2 Rd8 19. Rc2 Qb6 20. Rfc1 Qb5 21. Qe1 f5 22. Nd2 Bb7 23. f3 Bf8 24. Qg3 Rbc8 25. Be5 Rd5 26. Nc4 Rcd8 27. h4 c5 28. Kh2 Rd1 29. Qf4 Rxc1 30. Rxc1 Bd5 31. Rc3 Rd7 32. b3 Bxc4 33. Qxc4 Qxc4 34. Rxc4 Rd3 35. Rc3 c4 36. Rxc4 Rxe3 37. f4 Rxb3 38. a4 Be7 39. Rc7 Bf6 40. Bxf6 1/2-1/2

[Event "Gibtelecom Masters"]
[Site "Catalan Bay ING"]
[Date "2007.01.27"]
[Round "5"]
[White "Gurevich, M."]
[Black "Roiz, M."]
[Result "1/2-1/2"]
[WhiteElo "2635"]
[BlackElo "2605"]
[PlyCount "80"]
[EventDate "2007.01.23"]
[Source "www.chesslib.no"]
[SourceDate "2004.05.04"]

1. d4 Nf6 2. c4 e6 3. Nc3 Bb4 4. e3 O-O 5. Nge2 d5 6. a3 Be7 7. cxd5 Nxd5 8. g3 c5 9. dxc5 Nxc3 10. Nxc3 Qxd1+ 11. Kxd1 Bxc5 12. Bg2 Be7 13. Kc2 Rd8 14. b4 Nc6 15. Bb2 Bd7 16. Rhd1 Be8 17. Rxd8 Rxd8 18. Rd1 Rxd1 19. Kxd1 a6 20. Ne4 Nd8 21. Nc5 Bxc5 22. bxc5 Bc6 23. e4 f6 24. f4 Kf7 25. Kd2 f5 26. Ke3 g6 27. Bf3 fxe4 28. Bxe4 Bxe4 29. Kxe4 h5 30. h3 Nc6 31. g4 hxg4 32. hxg4 Ke7 33. f5 exf5+ 34. gxf5 gxf5+ 35. Kxf5 Kd7 36. Ke4 Ke6 37. Bc3 Ne7 38. Be1 Kd7 39. Kd4 Kc6 40. Kc4 Nd5 1/2-1/2

[Event "Esbjerg"]
[Site "?"]
[Date "2000.??.??"]
[Round "?"]
[White "Gurevich, M."]
[Black "Nielsen, Pet"]
[Result "1-0"]
[WhiteElo "2665"]
[BlackElo "2575"]
[PlyCount "53"]
[EventDate "2000.??.??"]
[Source "Chess Informant"]
[SourceDate "2000.06.01"]

1. d4 Nf6 2. c4 e6 3. Nc3 Bb4 4. e3 O-O 5. Nge2 d5 6. cxd5 exd5 7. g3 Re8 8. Bg2 c6 9. O-O Bd6 10. Qc2 a6 11. Kh1 h5 12. f3 h4 13. gxh4 Nh5 14. e4 dxe4 15. Bg5 Be7 16. fxe4 Bxg5 17. hxg5 c5 18. Bf3 Qxg5 19. Rg1 Qh4 20. Nd5 Nf6 21. Nef4 Nxd5 22. Nxd5 Nc6 23. Qxc5 Be6 24. Nc7 Qf6 25. Raf1 Bh3 26. Rxg7+ Kh8 27. Rg3 1-0

[Event "EU-ch 2nd"]
[Site "Ohrid"]
[Date "2001.06.09"]
[Round "8"]
[White "Avrukh, Boris"]
[Black "Sakaev, Konstantin"]
[Result "1/2-1/2"]
[WhiteElo "2600"]
[BlackElo "2637"]
[PlyCount "21"]
[EventDate "2001.06.01"]
[Source "ChessBase"]
[SourceDate "2001.09.13"]

1. d4 Nf6 2. c4 e6 3. Nc3 Bb4 4. e3 O-O 5. Nge2 d5 6. cxd5 exd5 7. g3 c6 8. Bg2 a5 9. O-O Be7 10. Qc2 b5 11. Nf4 1/2-1/2

[Event "Montilla"]
[Site "Montilla"]
[Date "1976.08.23"]
[Round "7"]
[White "Karpov, Anatoly"]
[Black "Byrne, Robert E"]
[Result "1/2-1/2"]
[WhiteElo "2695"]
[BlackElo "2540"]
[PlyCount "27"]
[EventDate "1976.08.16"]
[Source "ChessBase"]

1. d4 Nf6 2. c4 e6 3. Nc3 Bb4 4. e3 O-O 5. Nge2 d5 6. a3 Be7 7. cxd5 exd5 8. Ng3 c5 9. Be2 Nc6 10. O-O cxd4 11. exd4 Be6 12. b4 Rc8 13. Qd3 Ne4 14. Ncxe4 1/2-1/2

[Event "Campionato tedesco 2007"]
[Site "Bad Königshofen GER"]
[Date "2007.01.27"]
[Round "9.2"]
[White "Prusikin, Michael"]
[Black "Naiditsch, Arkadij"]
[Result "0-1"]
[WhiteElo "2571"]
[BlackElo "2663"]
[PlyCount "70"]
[EventDate "2007.01.19"]
[Source "www.chesslib.no"]
[SourceDate "2004.05.04"]

1. d4 Nf6 2. c4 e6 3. Nc3 Bb4 4. e3 O-O 5. Nge2 d5 6. a3 Be7 7. cxd5 exd5 8. Nf4 a5 9. Bd3 c6 10. O-O Na6 11. f3 Nc7 12. Kh1 Ne6 13. Nce2 c5 14. b3 b6 15. Bb2 Nxf4 16. Nxf4 Bb7 17. a4 Bd6 18. Bb5 Qe7 19. Re1 Rfd8 20. Qd3 Ne8 21. Qc3 Qg5 22. Rac1 Qh6 23. Qd2 Nc7 24. Bf1 Ne6 25. g3 cxd4 26. Nxe6 fxe6 27. Qxd4 Bxg3 28. Re2 Bd6 29. Rg2 Rd7 30. Bb5 Rf7 31. Rcg1 e5 32. Qxb6 Kh8 33. Rxg7 Rxg7 34. Rxg7 Qxg7 35. Qxd6 d4 0-1

[Event "4th Open A"]
[Site "Moscow RUS"]
[Date "2008.02.07"]
[Round "6"]
[White "Jobava, Ba"]
[Black "Oleksienko, M."]
[Result "1-0"]
[WhiteElo "2643"]
[BlackElo "2590"]
[PlyCount "121"]
[EventDate "2008.02.02"]
[Source "www.chesslib.no"]
[SourceDate "2004.05.04"]

1. d4 Nf6 2. c4 e6 3. Nc3 Bb4 4. e3 O-O 5. Nge2 Re8 6. a3 Bf8 7. d5 d6 8. g3 exd5 9. cxd5 c5 10. dxc6 bxc6 11. Bg2 d5 12. O-O Nbd7 13. Nd4 Ne5 14. b4 Ba6 15. Re1 Nd3 16. Bf1 Nxe1 17. Bxa6 c5 18. bxc5 Bxc5 19. Be2 Bxd4 20. exd4 Qa5 21. Bd2 Rxe2 22. Qxe2 Nc2 23. Nb5 Qa4 24. Qd1 Qxb5 25. Qxc2 h6 26. Rc1 Re8 27. Bf4 Qa5 28. Qc5 Qa4 29. Kg2 Re6 30. Be5 Kh7 31. Qf8 Qe8 32. Qxe8 Nxe8 33. Rc8 Kg6 34. Ra8 a6 35. Rd8 Nf6 36. Bxf6 Kxf6 37. Rxd5 Rb6 38. g4 Ke6 39. Re5+ Kf6 40. Kf3 Rb3+ 41. Re3 Rb5 42. Rc3 Ra5 43. Ke4 Ke6 44. f4 g6 45. f5+ gxf5+ 46. gxf5+ Kf6 47. h4 h5 48. Rb3 Ke7 49. Rb7+ Kf6 50. Rb6+ Kg7 51. d5 Rxa3 52. d6 Kf6 53. Rb8 Ra4+ 54. Kd5 Ra1 55. d7 Rd1+ 56. Kc6 Rc1+ 57. Kb6 Rb1+ 58. Ka7 Rd1 59. d8=Q+ Rxd8 60. Rxd8 Kxf5 61. Rg8 1-0